Statistiques concernant Culture Générale - Série 663

Cliquez ici pour prendre le quiz!

Statistiques générales

  • Ce quiz a été pris 70 fois
  • Le résultat moyen est 6 sur 10

Statistiques - réponses

QuestionRéponse% Correct
Quel général romain a dit : "Veni, vidi, vici" ?Jules César
97%
De quelle ville irlandaise est originaire le groupe U2 ?Dublin
95%
Quelle est la capitale de l'Inde ?New Delhi
89%
Le documentaire de Stéphane Meunier sur les coulisses de l'Équipe de France de football pendant la Coupe du Monde 98 a pour titre : "Les Yeux dans les...Bleus
78%
Complétez le titre de cette chanson d'Adamo de 1963 : "Tombe la...neige
72%
Quel célèbre film de 1973 raconte l'évasion d'Henri Charrière de la prison de l'île du Diable ?Papillon
46%
Quel fleuve d'Espagne, passant à Cordoue et à Séville, se jette dans l'Atlantique ?Guadalquivir
43%
Quel Américain est le réalisateur des films : "Malcom X", sorti en 1993, et "La 25e heure", sorti en 2003 ?Spike Lee
26%
Quel peuple de l'Antiquité a fondé la ville de Carthage, au IXe siècle avant notre ère ?Phéniciens
18%
En 1965, quel biochimiste, prénommé Jacques, reçoit, avec François Jacob et André Lwoff, le prix Nobel de physiologie et médecine ?Jacques Monod
8%

Distribution des résultats

Percentile par nombre de réponses

% des personnes avec chaque résultat

Votre développement - résultats

Vous n’avez pas pris ce quiz